00245nam a2200109Ia 4500008004100000041000800041082001200049100001200061245002400073260003000097300000800127220803s9999 xx 000 0 und d aeng a712 GUP aGupta D aConservation Briefs b"Intach, New Delhi"c2007 a54p